| 000 | 01551cam a22003374a 4500 | ||
|---|---|---|---|
| 001 | 13898546 | ||
| 005 | 20060724183927.0 | ||
| 008 | 050314s2005 nyu |rb 001 0 eng | ||
| 010 | _a2005040890 | ||
| 020 | _a1403990786 (paperback) | ||
| 040 |
_aDLC _cDLC _dDLC |
||
| 042 | _apcc | ||
| 043 |
_an-us--- _ae------ _aa------ |
||
| 050 | 0 | 0 |
_aJZ1310 _b.R43 2005 |
| 082 | 0 | 0 |
_a327.1 _222 _bRED |
| 100 | 1 |
_aRedwood, John. _911034 |
|
| 245 | 1 | 0 |
_aSuperpower Struggles : _bMighty America, Faltering Europe, Rising Asia / _cJohn Redwood. |
| 260 |
_aNew York : _bPalgrave Macmillan, 2005 _c2005. |
||
| 300 |
_axiv, 194 p. ; _c22 cm. |
||
| 504 | _aIncludes bibliographical references and index. | ||
| 650 | 0 |
_aBalance of power. _911035 |
|
| 650 | 0 |
_aInternational relations. _911036 |
|
| 650 | 0 |
_aInternational economic relations. _911037 |
|
| 650 | 0 |
_aWorld politics _y1989- _911038 |
|
| 856 | 4 | 2 |
_3Contributor biographical information _uhttp://www.loc.gov/catdir/enhancements/fy0623/2005040890-b.html |
| 856 | 4 | 2 |
_3Publisher description _uhttp://www.loc.gov/catdir/enhancements/fy0623/2005040890-d.html |
| 856 | 4 | 1 |
_3Table of contents only _uhttp://www.loc.gov/catdir/enhancements/fy0623/2005040890-t.html |
| 942 |
_2ddc _cBB |
||
| 999 |
_c13300 _d13300 |
||